000 00793nam a2200241 a 4500
001 BRCA_5965
005 20190320205259.0
008 250311s1959----nyua######---#000-0#eng-#
041 _aeng
044 _anyu
050 4 _aN7830
_b.F47 1959
100 1 _aFerguson, George Wells
_915068
245 1 0 _aSigns & symbols in Christian art, with illustrations from paintings of the Renaissance
_cGeorge Ferguson.
260 _aNueva York
_bOxford University Press
_c1959
300 _a123 p.
_bil. (algunas a color), 112 láminas
_c29 cm.
500 _aIncluye lista de láminas
500 _aEstado físico: faltan las láminas V y VI, p. 37
500 _aVer también S5 (edición 1954)
500 _aG87
650 1 4 _aArte y simbolismo cristianos
_94853
902 _aGFM
942 _2lcc
_cB
999 _c5654
_d5654